Estadísticas para Prueba de Mónaco

Haz click aquí para intentar la prueba.

Estadísticas generales

  • Esta prueba ha sido intentada 724 veces
  • La puntuación promedio es 11 de 17

Estadísticas de respuestas

PreguntaRespuesta% Correcto
El único país limítrofeFrancia
99%
Idioma oficialFrancés
98%
Mar limítrofeMar Mediterráneo
97%
País con una bandera similar:
Indonesia
85%
Mónaco es el país más ___ del mundo, por delante de Liechtenstein y CatarRico
85%
Mónaco está considerado como este tipo de refugioParaíso {fiscal}
82%
Importante acontecimiento deportivo que se celebra anualmente en Mónaco desde 1929Gran Premio de Mónaco
72%
Mónaco tiene la mayor _______ de población de todos los paísesDensidad
71%
Famoso casino que abrió en 1863Monte Carlo
69%
Mónaco tiene la mayor _______ __ ____ de todos los países, casi 90 años.Esperanza de vida
63%
Actual monarcaAlberto II
53%
La actriz americana que se casó con el Príncipe Rainiero en 1956Grace Kelly
50%
El semidiós que, según la leyenda, construyó el puerto de MónacoHércules
48%
Mónaco se encuentra en esta región costera, también conocida como la Costa Azul{Riviera} Francesa
47%
Dialecto del Ligur que se habla en MónacoMonegasco
41%
Familia realGrimaldi
37%
La cercana ciudad italiana que construyó un fuerte en el Peñón de Mónaco en 1215,
un evento considerado el comienzo de la historia moderna de Mónaco
Génova
36%

Distribución de puntuación

Porcentaje por número respondido

Porcentaje de gente con cada puntuación

Historial de tus puntuaciones

No has intentado esta prueba.